[Event "Olympiad Women-44"]
[Site "Chennai"]
[Date "2022.08.07"]
[Round "9.3"]
[White "Psaila, Uranchimeg"]
[Black "Acham, Meritza"]
[Result "0-1"]
[WhiteElo "1395"]
[BlackElo "1397"]
[PlyCount "86"]
[EventDate "2022.07.29"]
[EventType "team-swiss"]
[EventRounds "11"]
[EventCountry "IND"]
[SourceTitle "CBM 210"]
[Source "ChessBase"]
[SourceDate "2022.10.31"]
[SourceVersion "1"]
[SourceVersionDate "2022.10.31"]
[SourceQuality "1"]
[WhiteTeam "Malta (W)"]
[BlackTeam "Mauritius (W)"]
[WhiteTeamCountry "MLT"]
[BlackTeamCountry "MRI"]

1. d4 Nf6 2. Bf4 c5 3. e3 e6 4. Nd2 Qb6 5. Nc4 Qc6 6. c3 d5 7. Ne5 Qb6 8. Rb1 Nbd7 9. Ngf3 Be7 10. h3 0-0 11. Be2 Ne4 12. 0-0 f6 13. Nxd7 Bxd7 14. Bh2 Rac8 15. Qb3 c4 16. Qxb6 axb6 17. Bd1 Ra8 18. Ra1 Ba4 19. Bxa4 Rxa4 20. Rfc1 Rfa8 21. a3 b5 22. Rc2 b4 23. cxb4 Bxb4 24. Rac1 Ba5 25. g4 b5 26. Kg2 b4 27. axb4 Bxb4 28. Ng1 Ra2 29. f3 Nd2 30. Ne2 Nb3 31. Rf1 Ba3 32. Rb1 Bb4 33. Nc1 Nxc1 34. Rbxc1 Ra1 35. Bg3 Rxc1 36. Rxc1 Bd2 37. Rc2 Bxe3 38. Bf2 Bxf2 39. Kxf2 Rb8 40. Ke3 e5 41. h4 Rb3+ 42. Rc3 Rxb2 43. Ra3 Rb3+ 0-1

[Event "Queima das Fitas op"]
[Site "Coimbra"]
[Date "2022.04.23"]
[Round "1"]
[White "Bernardo, Daniel Madureira"]
[Black "Psaila, Uranchimeg"]
[Result "1-0"]
[WhiteElo "2028"]
[BlackElo "1404"]
[PlyCount "63"]
[EventDate "2022.04.23"]
[EventType "swiss"]
[EventRounds "7"]
[EventCountry "POR"]
[SourceTitle "EXT 2023"]
[Source "ChessBase"]
[SourceDate "2022.10.05"]
[SourceVersion "1"]
[SourceVersionDate "2022.10.05"]
[SourceQuality "1"]

1. Nf3 e6 2. b3 Nf6 3. Bb2 d5 4. e3 Bd6 5. Be2 Nbd7 6. c4 c6 7. a3 Qe7 8. d4 0-0 9. Nbd2 e5 10. cxd5 cxd5 11. dxe5 Nxe5 12. Bxe5 Bxe5 13. Nxe5 Qxe5 14. 0-0 Bd7 15. Nf3 Qe7 16. Qd4 Bf5 17. Rfc1 a6 18. Qb6 Rac8 19. b4 Rfd8 20. Nd4 Bg6 21. h3 h6 22. Bf3 Be4 23. Be2 Qd7 24. Rc5 Qe7 25. Rxc8 Rxc8 26. a4 Qc7 27. Qxc7 Rxc7 28. b5 a5 29. b6 Rc8 30. Bb5 Bg6 31. Nb3 Ne4 32. Nxa5 1-0

[Event "Skalica op-B"]
[Site "Skalica"]
[Date "2021.08.26"]
[Round "6"]
[White "Psaila, Uranchimeg"]
[Black "Magda, Juraj"]
[Result "1/2-1/2"]
[WhiteElo "1484"]
[BlackElo "1265"]
[PlyCount "81"]
[EventDate "2021.08.21"]
[EventType "swiss"]
[EventRounds "9"]
[EventCountry "SVK"]
[SourceTitle "CBM 204 Extra"]
[Source "ChessBase"]
[SourceDate "2021.11.30"]
[SourceVersion "1"]
[SourceVersionDate "2021.11.30"]
[SourceQuality "1"]

1. d4 Nf6 2. Bf4 g6 3. h3 Bg7 4. e3 d5 5. Bd3 b6 6. Nf3 Nbd7 7. Nbd2 Bb7 8. c3 0-0 9. 0-0 c5 10. Re1 Re8 11. e4 dxe4 12. Nxe4 Nxe4 13. Bxe4 Bxe4 14. Rxe4 Nf6 15. Re1 e6 16. dxc5 bxc5 17. Qa4 Qb6 18. Qc2 Nd5 19. Bg3 Bh6 20. Ne5 Bf4 21. Bxf4 Nxf4 22. Rab1 Red8 23. Qe4 Nd5 24. Qf3 f5 25. Qg3 Nf6 26. Nc4 Qc6 27. Ne5 Qb6 28. Qg5 Kg7 29. Re2 Ne4 30. b3 Qb7 31. Qc1 Qd5 32. Nf3 Rd7 33. c4 Qd6 34. Qb2+ Kf7 35. Ne5+ Ke7 36. Nxd7 Kxd7 37. Ree1 Kc6 38. Rbd1 Qf4 39. Re3 Qg5 40. f3 Qxe3+ 41. Kh2 1/2-1/2

[Event "Mediterranean-ch 11th"]
[Site "Petrovac"]
[Date "2021.06.21"]
[Round "4"]
[White "Psaila, Uranchimeg"]
[Black "Zenelaj, Fisnik"]
[Result "0-1"]
[WhiteElo "1468"]
[BlackElo "1909"]
[PlyCount "38"]
[EventDate "2021.06.19"]
[EventType "swiss"]
[EventRounds "9"]
[EventCountry "MNE"]
[SourceTitle "CBM 203 Extra"]
[Source "ChessBase"]
[SourceDate "2021.09.30"]
[SourceVersion "1"]
[SourceVersionDate "2021.09.30"]
[SourceQuality "1"]

1. d4 Nf6 2. Bf4 d5 3. Nf3 c5 4. c3 Nc6 5. h3 Qb6 6. Qb3 c4 7. Qc2 Bf5 8. Qc1 h6 9. Nbd2 g5 10. Bh2 Bg7 11. e3 Bd3 12. Bxd3 cxd3 13. Rb1 0-0 14. 0-0 Rac8 15. Qd1 Qa6 16. a3 Ne4 17. Ne1 Na5 18. Nb3 Nxb3 19. Qxb3 Nd2 0-1

[Event "Olympiad Women-43"]
[Site "Batumi"]
[Date "2018.10.03"]
[Round "9.3"]
[White "Dlamini, Nosipho"]
[Black "Psaila, Uranchimeg"]
[Result "1/2-1/2"]
[WhiteElo "1239"]
[BlackElo "1446"]
[PlyCount "73"]
[EventDate "2018.09.24"]
[EventType "team-swiss"]
[EventRounds "11"]
[EventCountry "GEO"]
[SourceTitle "EXT 2020"]
[Source "ChessBase"]
[SourceDate "2019.10.17"]
[SourceVersion "1"]
[SourceVersionDate "2019.10.17"]
[SourceQuality "1"]
[WhiteTeam "Swaziland (W)"]
[BlackTeam "Malta (W)"]
[WhiteTeamCountry "SWA"]
[BlackTeamCountry "MLT"]

1. d4 Nf6 2. Bf4 g6 3. Nf3 Bg7 4. e3 0-0 5. Bd3 d6 6. 0-0 Nbd7 7. h3 Nh5 8. Bh2 Re8 9. Nbd2 e5 10. c3 Qe7 11. e4 Nf4 12. Bxf4 exf4 13. Re1 Qd8 14. Nc4 b5 15. Na5 a6 16. Nc6 Qf6 17. e5 dxe5 18. dxe5 Qe6 19. Ncd4 Qb6 20. Be4 Bb7 21. Bxb7 Qxb7 22. e6 fxe6 23. Nxe6 Nf6 24. Nxf4 Rxe1+ 25. Qxe1 Re8 26. Qd1 Qa7 27. Ng5 Qb8 28. Qb3+ Kh8 29. Nf7+ Kg8 30. Ng5+ Kh8 31. Nf7+ Kg8 32. Nh6+ Kh8 33. Nf7+ Kg8 34. Nh6+ Kh8 35. Nf7+ Kg8 36. Nh6+ Kh8 37. Nf7+ 1/2-1/2

[Event "Olympiad Women-43"]
[Site "Batumi"]
[Date "2018.09.30"]
[Round "6.48"]
[White "Psaila, Uranchimeg"]
[Black "Morera Campos, Yanori Maria"]
[Result "0-1"]
[WhiteElo "1446"]
[BlackElo "1907"]
[PlyCount "69"]
[EventDate "2018.09.24"]
[EventType "team-swiss"]
[EventRounds "11"]
[EventCountry "GEO"]
[SourceTitle "EXT 2020"]
[Source "ChessBase"]
[SourceDate "2019.10.17"]
[SourceVersion "1"]
[SourceVersionDate "2019.10.17"]
[SourceQuality "1"]
[WhiteTeam "Malta (W)"]
[BlackTeam "Costa Rica (W)"]
[WhiteTeamCountry "MLT"]
[BlackTeamCountry "CRI"]

1. d4 d5 2. Nf3 Nf6 3. e3 c6 4. c3 Bg4 5. Be2 Nbd7 6. h3 Bh5 7. Nbd2 e6 8. 0-0 Bd6 9. Qb3 Qc7 10. c4 0-0 11. c5 Be7 12. Qd1 e5 13. b4 a5 14. Ba3 Ra7 15. Re1 Rfa8 16. Qb3 axb4 17. Bxb4 e4 18. Nh2 Bxe2 19. Rxe2 Ra6 20. Ndf1 b6 21. Qc3 bxc5 22. dxc5 Ne5 23. Ng3 g6 24. Rc2 Nd3 25. Ne2 Ra4 26. Rb1 Rxa2 27. Rxa2 Rxa2 28. Nc1 Nxc1 29. Qxc1 Qa7 30. Rb2 Ra4 31. Qc2 h5 32. g3 Nd7 33. Nf1 Ne5 34. Nd2 Nd3 35. Rb1 0-1

[Event "Olympiad Women-43"]
[Site "Batumi"]
[Date "2018.09.26"]
[Round "3.50"]
[White "Psaila, Uranchimeg"]
[Black "Arosemena, Betty"]
[Result "0-1"]
[WhiteElo "1446"]
[BlackElo "1598"]
[PlyCount "48"]
[EventDate "2018.09.24"]
[EventType "team-swiss"]
[EventRounds "11"]
[EventCountry "GEO"]
[SourceTitle "EXT 2020"]
[Source "ChessBase"]
[SourceDate "2019.10.17"]
[SourceVersion "1"]
[SourceVersionDate "2019.10.17"]
[SourceQuality "1"]
[WhiteTeam "Malta (W)"]
[BlackTeam "Panama (W)"]
[WhiteTeamCountry "MLT"]
[BlackTeamCountry "PAN"]

1. d4 d5 2. Nf3 e6 3. e3 Nf6 4. Bd3 c6 5. 0-0 Bd6 6. c3 0-0 7. Nbd2 Nbd7 8. Qe2 e5 9. dxe5 Nxe5 10. Nxe5 Bxe5 11. h3 Re8 12. Nf3 Bc7 13. Re1 Qd6 14. Rd1 Ne4 15. Bc2 Re6 16. Bxe4 Rxe4 17. Rd4 Bf5 18. b4 Rae8 19. Qd2 Rxd4 20. Qxd4 Be4 21. Qc5 Qg6 22. Nh4 Qg5 23. f3 Qxh4 24. fxe4 Qe1# 0-1

[Event "Eger Agria op 40th"]
[Site "Eger"]
[Date "2016.07.24"]
[Round "8"]
[White "Psaila, Uranchimeg"]
[Black "Engel, Tibor"]
[Result "1/2-1/2"]
[WhiteElo "1546"]
[BlackElo "1612"]
[PlyCount "97"]
[EventDate "2016.07.18"]
[EventType "swiss"]
[EventRounds "8"]
[EventCountry "HUN"]
[SourceTitle "EXT 2020"]
[Source "ChessBase"]
[SourceDate "2019.10.17"]
[SourceVersion "1"]
[SourceVersionDate "2019.10.17"]
[SourceQuality "1"]

1. d4 d5 2. e3 Nf6 3. Bd3 e6 4. Nf3 c5 5. c3 Be7 6. 0-0 0-0 7. Nbd2 Nc6 8. Bc2 Qc7 9. Re1 Bd6 10. dxc5 Bxc5 11. e4 Ng4 12. Re2 b5 13. b4 Bd6 14. Nf1 Nce5 15. Nxe5 Bxe5 16. g3 Qxc3 17. Rb1 Bb7 18. Rb3 Qc7 19. h3 Nf6 20. f4 Bc3 21. e5 Ne4 22. Bxe4 dxe4 23. Rc2 Bd4+ 24. Be3 Bxe3+ 25. Nxe3 Qb6 26. Rbc3 Rad8 27. Qe2 Rd3 28. Kf2 Rxc3 29. Rxc3 Qd4 30. Rc7 Bd5 31. a3 Bc4 32. Qe1 Qb2+ 33. Kg1 Qxa3 34. Nxc4 bxc4 35. Rxc4 Qd3 36. Rxe4 Rc8 37. Re3 Qd4 38. Kg2 Rc2+ 39. Kf3 h5 40. Re4 Rc3+ 41. Re3 Qd5+ 42. Kf2 Rc2+ 43. Re2 Qd4+ 44. Kf3 Rc3+ 45. Re3 Rc4 46. Re4 Qc3+ 47. Qxc3 Rxc3+ 48. Kf2 Rb3 49. Rc4 1/2-1/2